|
|
|
|
| LEADER |
00000naa2a2200000 4500 |
| 001 |
383476 |
| 005 |
20231101063131.0 |
| 035 |
|
|
|a (RuTPU)RU\TPU\prd\9310
|
| 090 |
|
|
|a 383476
|
| 100 |
|
|
|a 20021219a2002 k y0rusy50 ca
|
| 101 |
0 |
|
|a rus
|
| 102 |
|
|
|a UA
|
| 200 |
1 |
|
|a Перспективы использования углеродсодержащих катализаторов в экологических процессах охраны воздушного бассейна (Обзор)
|f В. А. Зажигалов
|
| 225 |
1 |
|
|a Охрана окружающей среды
|
| 320 |
|
|
|a Библиогр.: 105 назв.
|
| 461 |
|
1 |
|0 (RuTPU)RU\TPU\prd\1029
|x 0235-3482
|t Экотехнологии и ресурсосбережение
|o научно-технический журнал
|f Национальная академия наук Украины (НАНУ) ; Институт газа Украины
|d 1994-2008
|
| 463 |
|
1 |
|0 (RuTPU)RU\TPU\prd\3563
|t № 2
|v С. 64-76
|d 2002
|
| 610 |
1 |
|
|a углеродные катализаторы
|
| 610 |
1 |
|
|a защита воздушного бассейна
|
| 675 |
|
|
|a 544.47
|v 3
|
| 700 |
|
1 |
|a Зажигалов
|b В. А.
|
| 801 |
|
1 |
|a RU
|b 63413507
|c 20021219
|g PSBO
|
| 801 |
|
2 |
|a RU
|b 63413507
|c 20120412
|g RCR
|
| 942 |
|
|
|c BK
|